| 000 | 00759nam a22002292 4500 | ||
|---|---|---|---|
| 999 |
_c6 _d6 |
||
| 001 | 0000000115 | ||
| 003 | OSt | ||
| 005 | 20201126151110.0 | ||
| 008 | 070111s xx 000 0 eng d | ||
| 020 |
_a1614270560 _cGBP 7.99 |
||
| 040 |
_aKABU _cKABU |
||
| 050 |
_aBT94 _b.L33 1959 c. 1 |
||
| 100 | 1 | _aLadd, George Eldon. | |
| 245 | 1 | 4 |
_aThe Gospel of the kingdom _cGeorge Eldon Ladd. _bscriptural studies in the Kingdom of God |
| 260 |
_aGrand Rapids, Michigan : _bWm B. Eerdmans, _c1959. |
||
| 300 | _a143 p. | ||
| 650 | 0 | _aKingdom of God. | |
| 908 | _a070111 | ||
| 942 |
_2lcc _cBK _hBT94 _i.L33 1959 c. 1 |
||